<?xml version="1.0" encoding="UTF-8"?>
<record
    xmlns:xsi="http://www.w3.org/2001/XMLSchema-instance"
    xsi:schemaLocation="http://www.loc.gov/MARC21/slim http://www.loc.gov/standards/marcxml/schema/MARC21slim.xsd"
    xmlns="http://www.loc.gov/MARC21/slim">

  <leader>00818nam a22001457a 4500</leader>
  <controlfield tag="008">190518b        xxu||||| |||| 00| 0 eng d</controlfield>
  <datafield tag="020" ind1=" " ind2=" ">
    <subfield code="a">9788469794111</subfield>
  </datafield>
  <datafield tag="082" ind1=" " ind2=" ">
    <subfield code="a">700.92</subfield>
    <subfield code="b">AZ991c</subfield>
  </datafield>
  <datafield tag="100" ind1=" " ind2=" ">
    <subfield code="a">Leit&#xE3;o, Bruno</subfield>
    <subfield code="9">7039</subfield>
  </datafield>
  <datafield tag="245" ind1=" " ind2=" ">
    <subfield code="a">CAMPO</subfield>
    <subfield code="b">Marlon de Azambuja</subfield>
  </datafield>
  <datafield tag="260" ind1=" " ind2=" ">
    <subfield code="a">Madrid, Espa&#xF1;a</subfield>
    <subfield code="b">Tasman Project</subfield>
    <subfield code="c">2018</subfield>
  </datafield>
  <datafield tag="300" ind1=" " ind2=" ">
    <subfield code="a">128 p.</subfield>
    <subfield code="b">ill (col).</subfield>
    <subfield code="c">27 x 19.2 cm</subfield>
  </datafield>
  <datafield tag="505" ind1=" " ind2=" ">
    <subfield code="t">El potencial diario de los monumentos </subfield>
    <subfield code="t">01. Editora Calle</subfield>
    <subfield code="t">02. Potencial Escult&#xF3;rico</subfield>
    <subfield code="t">03. Metaesquemas</subfield>
    <subfield code="t">04. Movimiento Concreto</subfield>
    <subfield code="t">05. Catalogue Raisonne</subfield>
    <subfield code="t">06. Brutalismo</subfield>
    <subfield code="t">07. Circuito</subfield>
    <subfield code="t">08. Atlas</subfield>
    <subfield code="t">09. Techo Estrellado </subfield>
    <subfield code="t">10. Cuerpo Presente</subfield>
    <subfield code="t">11. Lecciones de Pintura</subfield>
    <subfield code="t">Una entrevista con Marlon de Azambuja sobre CAMPO</subfield>
    <subfield code="t">Marlon de Azambuja</subfield>
  </datafield>
  <datafield tag="650" ind1=" " ind2=" ">
    <subfield code="2">Arte contempor&#xE1;neo </subfield>
    <subfield code="v">Exhibici&#xF3;n - biogr&#xE1;fica </subfield>
    <subfield code="x">Azambuja, Marlon de - artista</subfield>
    <subfield code="z">Arte - Espa&#xF1;a</subfield>
    <subfield code="9">7040</subfield>
  </datafield>
  <datafield tag="999" ind1=" " ind2=" ">
    <subfield code="c">1785</subfield>
    <subfield code="d">1785</subfield>
  </datafield>
  <datafield tag="952" ind1=" " ind2=" ">
    <subfield code="0">0</subfield>
    <subfield code="1">0</subfield>
    <subfield code="2">ddc</subfield>
    <subfield code="4">0</subfield>
    <subfield code="7">0</subfield>
    <subfield code="a">LV</subfield>
    <subfield code="b">LV</subfield>
    <subfield code="c">Monograf&#xED;as</subfield>
    <subfield code="d">2019-05-18</subfield>
    <subfield code="l">0</subfield>
    <subfield code="o">700.92 AZ991c</subfield>
    <subfield code="p">004780</subfield>
    <subfield code="r">2019-05-18 00:00:00</subfield>
    <subfield code="w">2019-05-18</subfield>
    <subfield code="y">01</subfield>
  </datafield>
</record>
